Muktedirlerin siyaseti : (Record no. 14865)

MARC details
000 -BAŞLIK
Sabit Uzunlukta Kontrol Alanı 00957nam a22002777a 4500
999 ## - SİSTEM KONTROL NUMARALARI (KOHA)
Koha Biblionumber 14865
Koha Biblioitemnumber 14865
003 - KONTROL NUMARASI IDENTIFIER
Denetim Alanı MIRAKIL
005 - SON İŞLEM TARİHİ VE ZAMANI
Denetim Alanı 20220318165859.0
008 - SABİT-BOY VERİ ELEMANLARI - GENEL BİLGİLER
Sabit Uzunlukta Kontrol Alanı 220318b tu ||||| |||| 00| 0 tur d
020 ## - ULUSLARARASI STANDART KİTAP NUMARASI
Uluslararası Standart Kitap Numarası 9754707529
040 ## - KATALOGLAMA KAYNAK
Orijinal Kataloglama Ajansı TR-AnCHP
Metne Dönüştürmek Ajansı TR-AnCHP
041 ## - DİL KODU
Metin / Ses Parça Veya Ayrı Başlığın Dil Kodu tur
082 ## - DEWEY ONLU SINIFLANDIRMA NUMARASI
Sınıflandırma Numarası 320.9561
Ürün Numarası C59m 1999
100 ## - ANA GİRİŞ - KİŞİSEL İSİM
Kişisel Ad Cizre, Ümit
245 10 - BAŞLIK TABLOSU
Başlık Muktedirlerin siyaseti :
Başlığın Kalan merkez sağ - ordu - İslâmcılık /
Sorumluluk Tablosu, Vb Ümit Cizre, çeviren: Cahide Ekiz
246 ## - UNVAN FORM VARYING
Başlık Doğru / Kısa Başlığı merkez sağ - ordu - İslâmcılık
260 ## - YAYIN, DAĞITIM, VB
Yayın, Dağıtım, Vb Yeri İstanbul :
Yayıncı, Dağıtıcı, Vs Adı İletişim yayınları,
Yayın, Dağıtım, Vb Tarihi 1999.
300 ## - FİZİKSEL TANIM
Kapsam 197 s. ;
Boyutlar 19 sm.
490 0# - SERİSİ TABLOSU
Seri Beyanı İletişim Yayınları ;
-- Araştırma inceleme ;
Hacim / Ardışık Tanımı 568.
-- 91.
504 ## - KAYNAKÇA VB NOT
Kaynakça Vb Notu Bibliyografik bilgi içerir.
650 #0 - KONU KATMA GİRİŞ - TOPİKAL DÖNEM
9 (RLIN) 9
Topikal Süreli Veya Coğrafi Ad Giriş Elemanı Siyaset ve yönetim
Genel Alt Bölümü Türkiye
650 #0 - KONU KATMA GİRİŞ - TOPİKAL DÖNEM
9 (RLIN) 5221
Topikal Süreli Veya Coğrafi Ad Giriş Elemanı Ordu ve siyaset
Genel Alt Bölümü Türkiye
650 #0 - KONU KATMA GİRİŞ - TOPİKAL DÖNEM
9 (RLIN) 5876
Topikal Süreli Veya Coğrafi Ad Giriş Elemanı Siyaset ve din
Genel Alt Bölümü Türkiye
700 ## - KATMA GİRİŞ - KİŞİSEL İSİM
9 (RLIN) 7039
Kişisel Ad Ekiz, Cahide
Relator Terim çev.
740 ## - KATMA GİRİŞ - KONTROLSUZ İLGİLİ / ANALİTİK BAŞLIK
Kontrol Edilmeyen / İlgili Analitik Başlıktaki merkez sağ - ordu - İslâmcılık
942 ## - EKLENDİ GİRİŞ ELEMANLARI (KOHA)
Sınıflandırma Veya Raf Düzeni Kaynak Dewey Decimal Classification
Koha Öğesi Türü Books
Holdings
Kalıcı Konum Mevcut Konum Edinme Tarihi Toplam Check-Out'Lar Tam Çağrı Numarası Barkod Tarih Son Görülme İtibaren Geçerli Fiyatlar Koha Öğesi Türü
CHP Kütüphanesi CHP Kütüphanesi 03/18/2022   320.9561 C59m 1999 020379 03/18/2022 03/18/2022 Books